书目信息 |
| 书名: | Linear geometry | |
| 作者: | K. W. Gruenberg, A. J. Weir | |
| 分册号: | ||
| 分册名: | 出版地: | New York : |
|
| 出版社: | Springer-Verlag | |
| 出版时间: | 1977. | |
| 页数: | x, 198 p. ; | |
| 开本: | 24 cm. | |
| 丛书名: | Graduate texts in mathematics | |
| 中图分类号: | ||
| 科图分类号: | ||
| 其他分类号: | O18:H31 | |
| 主题词: | ||
| 电子资源: | ||
| 000 | 01022nam 2200325 a 4500 | |
| 001 | E0754170651 | |
| 005 | 20070227150748.84 | |
| 008 | 00110 eng | |
| 008 | uu | |
| 010 | @a76027693 //r81 | |
| 020 | @a0387902279 :@cCNY1.20. | |
| 049 | @aN5LA | |
| 050 | 0 | @aQA564 @b.G72 1977 |
| 082 | 0 | @a516.3/5 @219 |
| 090 | @a2/O188/GKW/ 1977//////////888878/260610/cop.2/*907530/-31;/cop.3-4 | |
| 090 | @aO18:H31 | |
| 096 | @aO188 @v2 | |
| 099 | @dO18:H31@ex38 | |
| 100 | 10 | @aGruenberg, Karl W. |
| 245 | 10 | @aLinear geometry / @cK. W. Gruenberg, A. J. Weir |
| 250 | @a2d ed. | |
| 260 | 0 | @aNew York :@bSpringer-Verlag,@c1977. |
| 300 | @ax, 198 p. ;@c24 cm. | |
| 440 | 0 | @aGraduate texts in mathematics ; @v49 |
| 500 | @aIncludes index. | |
| 504 | @aBibliography: p. 191. | |
| 650 | 0 | @aAlgebras, Linear. |
| 650 | 0 | @aGeometry, Algebraic. |
| 700 | 10 | @aWeir, Alan J., @ejoint author. @b00 @c20020930 @lNLC09 @h2247 @lNLC09 @h2311 @lNLC09 @h1903 |
| 852 | 9 | @bWWJC @cJ08S @k2 @hO188 @iGKW/1977 |
| Linear geometry / / K. W. Gruenberg, A. J. Weir.-2d ed.-New York : : Springer-Verlag, , 1977. |
| x, 198 p. ; ; 24 cm.- (Graduate texts in mathematics ; 49 ) |
| Includes index.-Bibliography: p. 191. |
| ISBN 0387902279 :CNY1.20. |
| ● |
| 相关链接 |
|
|
|
|
正题名:Linear geometry
索取号:O18:H31/x38
 
预约/预借
| 序号 | 登录号 | 条形码 | 馆藏地/架位号 | 状态 | 备注 |
| 1 | 49860 | 000636315 | 第四借阅区/ [索取号:O18:H31/x38] | 在馆 |